000 00635nam a2200193Ii 4500
003 JO-AjNU
008 230605s9999||||xx |||||||||||||| ||und||
040 _aJO-AjNU
_bara
_erda
_cJO-AjNU
041 _aara
050 1 4 _aHC26.A2272.1981
100 3 _aمبارك،عبد المنعم,
_eauthor
_98390
245 0 0 _aقراءات في نظرية التاريخ الاقتصادي
264 3 1 _aالاسكندرية:مؤسسة شباب الجامعة،1981
300 _a224ص
336 _atext
_btxt
_2rdacontent
337 _aunmediated
_bn
_2rdamedia
338 _avolume
_bnc
_2rdacarrier
650 4 _aإقتصاد -- تاريخ
_98391
999 _aA763
_c4331
_d4331